[Event "Stay Safe Play From Home 153"]
[Site "T#646141Emanuel Laske"]
[Date "2020.05.17"]
[Round "3"]
[White "Germanicus G"]
[Black "Edmatuag"]
[Result "1-0"]
[WhiteElo "1604"]
[BlackElo "1597"]
[Annotator "NA"]
[PlyCount "85"]
[EventDate "2020.05.17"]
[EventType "swiss (blitz)"]

1. e4 {[%emt 0:00:02]} c5 {[%emt 0:00:30]} 2. Nf3 {[%emt 0:00:02]} f6 {[%emt 0:00:00]} 3. d4 {[%emt 0:00:01]} cxd4 {[%emt 0:00:01]} 4. Nxd4 {[%emt 0:00:01]} Nc6 {[%emt 0:00:00]} 5. Be3 {[%emt 0:00:02]} e5 {[%emt 0:00:02]} 6. Nxc6 {[%emt 0:00:04]} bxc6 {[%emt 0:00:00]} 7. Nc3 {[%emt 0:00:01]} Bb4 {[%emt 0:00:04]} 8. Qd2 {[%emt 0:00:04]} Qe7 {[%emt 0:00:02]} 9. Bc4 {[%emt 0:00:02]} Bc5 {[%emt 0:00:07]} 10. O-O-O {[%emt 0:00:04]} Bxe3 {[%emt 0:00:02]} 11. Qxe3 {[%emt 0:00:02]} Nh6 {[%emt 0:00:01]} 12. f3 {[%emt 0:00:03]} Nf7 {[%emt 0:00:02]} 13. Na4 {[%emt 0:00:20]} d6 {[%emt 0:00:07]} 14. Qd3 {[%emt 0:00:08]} Be6 {[%emt 0:00:05]} 15. b3 {[%emt 0:00:11]} O-O {[%emt 0:00:03]} 16. Rd2 {[%emt 0:00:06]} Rfd8 {[%emt 0:00:01]} 17. Rhd1 {[%emt 0:00:03]} d5 {[%emt 0:00:09]} 18. exd5 {[%emt 0:00:03]} cxd5 {[%emt 0:00:00]} 19. Bb5 {[%emt 0:00:02]} Rac8 {[%emt 0:00:13]} 20. Ba6 {[%emt 0:00:27]} Rc7 {[%emt 0:00:01]} 21. Kb1 {[%emt 0:00:02]} Nd6 {[%emt 0:00:03]} 22. Qe3 {[%emt 0:00:17]} Nf5 {[%emt 0:00:08]} 23. Qf2 {[%emt 0:00:03]} Nd4 {[%emt 0:00:02]} 24. Bd3 {[%emt 0:00:16]} Qb4 {[%emt 0:00:08]} 25. c3 {[%emt 0:00:03]} Rxc3 {[%emt 0:00:05]} 26. Nxc3 {[%emt 0:00:01]} Qxc3 {[%emt 0:00:01]} 27. Rb2 {[%emt 0:00:05]} Rc8 {[%emt 0:00:08]} 28. Qd2 {[%emt 0:00:01]} Qc7 {[%emt 0:00:02]} 29. Rc1 {[%emt 0:00:02]} Qxc1+ {[%emt 0:00:03]} 30. Qxc1 {[%emt 0:00:02]} Rxc1+ {[%emt 0:00:00]} 31. Kxc1 {[%emt 0:00:01]} f5 {[%emt 0:00:03]} 32. b4 {[%emt 0:00:12]} e4 {[%emt 0:00:02]} 33. Be2 {[%emt 0:00:04]} f4 {[%emt 0:00:16]} 34. a4 {[%emt 0:00:13]} Nxe2+ {[%emt 0:00:04]} 35. Rxe2 {[%emt 0:00:02]} e3 {[%emt 0:00:00]} 36. b5 {[%emt 0:00:04]} d4 {[%emt 0:00:02]} 37. a5 {[%emt 0:00:03]} d3 {[%emt 0:00:06]} 38. Rb2 {[%emt 0:00:02]} d2+ {[%emt 0:00:12]} 39. Kd1 {[%emt 0:00:02]} Bd7 {[%emt 0:00:02]} 40. b6 {[%emt 0:00:02]} Ba4+ {[%emt 0:00:01]} 41. Rc2 {[%emt 0:00:04]} axb6 {[%emt 0:00:04]} 42. axb6 {[%emt 0:00:02]} Bc6 {[%emt 0:00:02]} 43. Rxc6 {[%emt 0:00:05] Edmatuag resigns (Lag: Av=0.31s, max=0.6s)} 1-0

[Event "Stay Safe Play From Home 153"]
[Site "T#646141Emanuel Laske"]
[Date "2020.05.17"]
[Round "3"]
[White "Sadbat1122"]
[Black "Tobo Rubirosa"]
[Result "0-1"]
[WhiteElo "1604"]
[BlackElo "1717"]
[Annotator "NA"]
[PlyCount "114"]
[EventDate "2020.05.17"]
[EventType "swiss (blitz)"]

1. e4 {[%emt 0:00:03]} c5 {[%emt 0:00:02]} 2. Nf3 {[%emt 0:00:02]} d6 {[%emt 0:00:01]} 3. c3 {[%emt 0:00:02]} Nf6 {[%emt 0:00:03]} 4. e5 {[%emt 0:00:02]} dxe5 {[%emt 0:00:02]} 5. Nxe5 {[%emt 0:00:02]} Nbd7 {[%emt 0:00:01]} 6. Bb5 {[%emt 0:00:02]} g6 {[%emt 0:00:01]} 7. Qf3 {[%emt 0:00:10]} Bg7 {[%emt 0:00:03]} 8. Nxd7 {[%emt 0:00:15]} Nxd7 {[%emt 0:00:03]} 9. O-O {[%emt 0:00:08]} O-O {[%emt 0:00:01]} 10. Na3 {[%emt 0:00:05]} Ne5 {[%emt 0:00:06]} 11. Qe2 {[%emt 0:00:06]} a6 {[%emt 0:00:04]} 12. Ba4 {[%emt 0:00:10]} b5 {[%emt 0:00:02]} 13. Bc2 {[%emt 0:00:03]} c4 {[%emt 0:00:02]} 14. b3 {[%emt 0:00:17]} cxb3 {[%emt 0:00:04]} 15. axb3 {[%emt 0:00:06]} Bb7 {[%emt 0:00:03]} 16. d4 {[%emt 0:00:09]} Qd5 {[%emt 0:00:11]} 17. f3 {[%emt 0:00:08]} Nc6 {[%emt 0:00:06]} 18. Rb1 {[%emt 0:00:18]} Qd7 {[%emt 0:00:04]} 19. Be4 {[%emt 0:00:09]} e6 {[%emt 0:00:19]} 20. Nc2 {[%emt 0:00:04]} Ne7 {[%emt 0:00:05]} 21. Bxb7 {[%emt 0:00:02]} Qxb7 {[%emt 0:00:02]} 22. Qe4 {[%emt 0:00:08]} Qxe4 {[%emt 0:00:05]} 23. fxe4 {[%emt 0:00:02]} Rac8 {[%emt 0:00:05]} 24. Bd2 {[%emt 0:00:02]} Nc6 {[%emt 0:00:09]} 25. Ne3 {[%emt 0:00:10]} Rfd8 {[%emt 0:00:07]} 26. d5 {[%emt 0:00:11]} exd5 {[%emt 0:00:06]} 27. exd5 {[%emt 0:00:02]} Ne5 {[%emt 0:00:07]} 28. Ra1 {[%emt 0:00:25]} Bh6 {[%emt 0:00:12]} 29. Rxa6 {[%emt 0:00:13]} Bxe3+ {[%emt 0:00:08]} 30. Bxe3 {[%emt 0:00:02]} Rxd5 {[%emt 0:00:02]} 31. Bd4 {[%emt 0:00:02]} Nc6 {[%emt 0:00:13]} 32. Rb6 {[%emt 0:00:09]} Nxd4 {[%emt 0:00:03]} 33. cxd4 {[%emt 0:00:02]} Rc3 {[%emt 0:00:02]} 34. Rb8+ {[%emt 0:00:12]} Kg7 {[%emt 0:00:03]} 35. Rb7 {[%emt 0:00:02]} Rxd4 {[%emt 0:00:16]} 36. Rfxf7+ {[%emt 0:00:03]} Kh6 {[%emt 0:00:01]} 37. Rxh7+ {[%emt 0:00:02]} Kg5 {[%emt 0:00:01]} 38. Rxb5+ {[%emt 0:00:02]} Kf4 {[%emt 0:00:03]} 39. Rf7+ {[%emt 0:00:07]} Ke3 {[%emt 0:00:05]} 40. Rf3+ {[%emt 0:00:02]} Kd2 {[%emt 0:00:03]} 41. Rxc3 {[%emt 0:00:02]} Kxc3 {[%emt 0:00:01]} 42. Rb6 {[%emt 0:00:02]} g5 {[%emt 0:00:04]} 43. h3 {[%emt 0:00:02]} Kd3 {[%emt 0:00:03]} 44. Kh2 {[%emt 0:00:02]} Ke2 {[%emt 0:00:03]} 45. Kg3 {[%emt 0:00:03]} Ke3 {[%emt 0:00:06]} 46. b4 {[%emt 0:00:05]} Rd3 {[%emt 0:00:05]} 47. Kg4 {[%emt 0:00:02]} Rd5 {[%emt 0:00:03]} 48. b5 {[%emt 0:00:02]} Kd4 {[%emt 0:00:02]} 49. Rb8 {[%emt 0:00:03]} Kc5 {[%emt 0:00:01]} 50. b6 {[%emt 0:00:02]} Kc6 {[%emt 0:00:01]} 51. g3 {[%emt 0:00:04]} Rb5 {[%emt 0:00:03]} 52. Rg8 {[%emt 0:00:04]} Kxb6 {[%emt 0:00:02]} 53. Rxg5 {[%emt 0:00:02]} Rb4+ {[%emt 0:00:02]} 54. Kh5 {[%emt 0:00:01]} Kc6 {[%emt 0:00:01]} 55. h4 {[%emt 0:00:01]} Kd6 {[%emt 0:00:01]} 56. g4 {[%emt 0:00:01]} Ke6 {[%emt 0:00:02]} 57. Rg6+ {[%emt 0:00:01]} Kf7 {[%emt 0:00:01] Time (Lag: Av=1.21s, max=2.0s)} 0-1

[Event "Stay Safe Play From Home 153"]
[Site "T#646141Emanuel Laske"]
[Date "2020.05.17"]
[Round "3"]
[White "Mandy"]
[Black "Haris kollari 13"]
[Result "0-1"]
[WhiteElo "929"]
[BlackElo "1945"]
[Annotator "NA"]
[PlyCount "48"]
[EventDate "2020.05.17"]
[EventType "swiss (blitz)"]

1. d4 {[%emt 0:00:03]} d5 {[%emt 0:00:01]} 2. Bf4 {[%emt 0:00:01]} c5 {[%emt 0:00:02]} 3. e3 {[%emt 0:00:02]} Nc6 {[%emt 0:00:01]} 4. c3 {[%emt 0:00:01]} Bf5 {[%emt 0:00:01]} 5. Bd3 {[%emt 0:00:01]} Bg6 {[%emt 0:00:02]} 6. Ne2 {[%emt 0:00:05]} Nf6 {[%emt 0:00:01]} 7. h3 {[%emt 0:00:03]} c4 {[%emt 0:00:01]} 8. Bc2 {[%emt 0:00:10]} e6 {[%emt 0:00:02]} 9. b3 {[%emt 0:00:01]} b5 {[%emt 0:00:03]} 10. e4 {[%emt 0:00:01]} Be7 {[%emt 0:00:05]} 11. e5 {[%emt 0:00:02]} Nd7 {[%emt 0:00:01]} 12. Bxg6 {[%emt 0:00:10]} hxg6 {[%emt 0:00:01]} 13. Nd2 {[%emt 0:00:01]} O-O {[%emt 0:00:03]} 14. Ng3 {[%emt 0:00:06]} b4 {[%emt 0:00:01]} 15. f3 {[%emt 0:00:03]} bxc3 {[%emt 0:00:02]} 16. Ndf1 {[%emt 0:00:09]} cxb3 {[%emt 0:00:01]} 17. Qxb3 {[%emt 0:00:10]} Nxd4 {[%emt 0:00:03]} 18. Qxc3 {[%emt 0:00:06]} Qb6 {[%emt 0:00:11]} 19. Ne2 {[%emt 0:00:09]} Bb4 {[%emt 0:00:03]} 20. Kf2 {[%emt 0:00:15]} Bxc3 {[%emt 0:00:03]} 21. Nxc3 {[%emt 0:00:04]} Nc2+ {[%emt 0:00:01]} 22. Kg3 {[%emt 0:00:14]} Nxa1 {[%emt 0:00:01]} 23. Kh2 {[%emt 0:00:02]} Qd4 {[%emt 0:00:04]} 24. Na4 {[%emt 0:00:05]} Qxf4+ {[%emt 0:00:02] Mandy gibt auf (Lag: Av=0.45s, max=0.6s)} 0-1

[Event "Stay Safe Play From Home 153"]
[Site "T#646141Emanuel Laske"]
[Date "2020.05.17"]
[Round "4"]
[White "Little champs"]
[Black "Germanicus G"]
[Result "1-0"]
[WhiteElo "2225"]
[BlackElo "1621"]
[PlyCount "77"]
[EventDate "2020.05.17"]
[EventType "swiss (blitz)"]

1. d4 {[%emt 0:00:03]} e6 {[%emt 0:00:01]} 2. e3 {[%emt 0:00:00]} d5 {[%emt 0:00:06]} 3. Nf3 {[%emt 0:00:00]} Nf6 {[%emt 0:00:02]} 4. Be2 {[%emt 0:00:00]} c5 {[%emt 0:00:03]} 5. O-O {[%emt 0:00:01]} Nc6 {[%emt 0:00:03]} 6. dxc5 {[%emt 0:00:01]} Bxc5 {[%emt 0:00:01]} 7. c4 {[%emt 0:00:01]} O-O {[%emt 0:00:06]} 8. Nc3 {[%emt 0:00:00]} dxc4 {[%emt 0:00:03]} 9. Bxc4 {[%emt 0:00:01]} b6 {[%emt 0:00:05]} 10. a3 {[%emt 0:00:01]} Bb7 {[%emt 0:00:01]} 11. b4 {[%emt 0:00:01]} Be7 {[%emt 0:00:02]} 12. Qb3 {[%emt 0:00:01]} Qc7 {[%emt 0:00:20]} 13. Nb5 {[%emt 0:00:02]} Qb8 {[%emt 0:00:04]} 14. Rd1 {[%emt 0:00:02]} Ne5 {[%emt 0:00:12]} 15. Nfd4 {[%emt 0:00:12]} Nxc4 {[%emt 0:00:11]} 16. Qxc4 {[%emt 0:00:01]} Bd5 {[%emt 0:00:05]} 17. Qe2 {[%emt 0:00:01]} a6 {[%emt 0:00:09]} 18. Nc3 {[%emt 0:00:01]} a5 {[%emt 0:00:04]} 19. b5 {[%emt 0:00:05]} Qc7 {[%emt 0:00:08]} 20. Bb2 {[%emt 0:00:02]} Bc4 {[%emt 0:00:11]} 21. Qf3 {[%emt 0:00:03]} Rac8 {[%emt 0:00:02]} 22. Rac1 {[%emt 0:00:01]} Qc5 {[%emt 0:00:11]} 23. Nc6 {[%emt 0:00:04]} Rfe8 {[%emt 0:00:28]} 24. a4 {[%emt 0:00:04]} Bf8 {[%emt 0:00:04]} 25. Ne4 {[%emt 0:00:06]} Nxe4 {[%emt 0:00:15]} 26. Qxe4 {[%emt 0:00:02]} Bd5 {[%emt 0:00:10]} 27. Qg4 {[%emt 0:00:17]} f5 {[%emt 0:00:29]} 28. Qf4 {[%emt 0:00:24]} Qd6 {[%emt 0:00:04]} 29. Be5 {[%emt 0:00:12]} Qa3 {[%emt 0:00:05]} 30. Ra1 {[%emt 0:00:03]} Qb3 {[%emt 0:00:12]} 31. Rdb1 {[%emt 0:00:10]} Qd3 {[%emt 0:00:01]} 32. Rd1 {[%emt 0:00:08]} Qe4 {[%emt 0:00:01]} 33. Qxe4 {[%emt 0:00:01]} Bxe4 {[%emt 0:00:01]} 34. Nd4 {[%emt 0:00:05]} Kf7 {[%emt 0:00:09]} 35. f3 {[%emt 0:00:05]} Bd5 {[%emt 0:00:20]} 36. Nxf5 {[%emt 0:00:17]} exf5 {[%emt 0:00:11]} 37. Rxd5 {[%emt 0:00:01]} Ke6 {[%emt 0:00:01]} 38. Rad1 {[%emt 0:00:02]} Rc4 {[%emt 0:00:09]} 39. Bd6 {[%emt 0:00:15] Zeit (Lag: Av=0.51s, max=2.3s)} 1-0

[Event "Stay Safe Play From Home 153"]
[Site "T#646141Emanuel Laske"]
[Date "2020.05.17"]
[Round "4"]
[White "Don59as"]
[Black "Sfantul321"]
[Result "1-0"]
[WhiteElo "2075"]
[BlackElo "2045"]
[Annotator "NA"]
[PlyCount "111"]
[EventDate "2020.05.17"]
[EventType "swiss (blitz)"]

1. c4 {[%emt 0:00:02]} g6 {[%emt 0:00:24]} 2. Nc3 {[%emt 0:00:02]} Bg7 {[%emt 0:00:01]} 3. g3 {[%emt 0:00:01]} d6 {[%emt 0:00:01]} 4. Bg2 {[%emt 0:00:01]} c5 {[%emt 0:00:00]} 5. e3 {[%emt 0:00:01]} Nc6 {[%emt 0:00:00]} 6. Nge2 {[%emt 0:00:01]} e5 {[%emt 0:00:01]} 7. O-O {[%emt 0:00:01]} Bg4 {[%emt 0:00:01]} 8. h3 {[%emt 0:00:01]} Bxe2 {[%emt 0:00:01]} 9. Nxe2 {[%emt 0:00:02]} Nge7 {[%emt 0:00:00]} 10. Rb1 {[%emt 0:00:03]} a5 {[%emt 0:00:01]} 11. b3 {[%emt 0:00:01]} O-O {[%emt 0:00:02]} 12. Bb2 {[%emt 0:00:01]} d5 {[%emt 0:00:02]} 13. cxd5 {[%emt 0:00:02]} Nxd5 {[%emt 0:00:01]} 14. d4 {[%emt 0:00:01]} exd4 {[%emt 0:00:03]} 15. exd4 {[%emt 0:00:01]} Nxd4 {[%emt 0:00:08]} 16. Nxd4 {[%emt 0:00:01]} cxd4 {[%emt 0:00:01]} 17. Bxd4 {[%emt 0:00:01]} Nc3 {[%emt 0:00:09]} 18. Bxc3 {[%emt 0:00:04]} Bxc3 {[%emt 0:00:02]} 19. Bxb7 {[%emt 0:00:08]} Rb8 {[%emt 0:00:01]} 20. Bd5 {[%emt 0:00:07]} Qb6 {[%emt 0:00:05]} 21. Qf3 {[%emt 0:00:02]} Bg7 {[%emt 0:00:07]} 22. Rbc1 {[%emt 0:00:11]} Rbd8 {[%emt 0:00:03]} 23. Rc6 {[%emt 0:00:09]} Qb5 {[%emt 0:00:02]} 24. Bc4 {[%emt 0:00:05]} Qb4 {[%emt 0:00:02]} 25. Rc7 {[%emt 0:00:06]} a4 {[%emt 0:00:04]} 26. Rxf7 {[%emt 0:00:11]} Kh8 {[%emt 0:00:03]} 27. Kg2 {[%emt 0:00:16]} a3 {[%emt 0:00:06]} 28. Rd1 {[%emt 0:00:22]} Rxd1 {[%emt 0:00:05]} 29. Rxf8+ {[%emt 0:00:05]} Qxf8 {[%emt 0:00:02]} 30. Qxd1 {[%emt 0:00:03]} Bb2 {[%emt 0:00:11]} 31. Qd5 {[%emt 0:00:04]} Kg7 {[%emt 0:00:04]} 32. h4 {[%emt 0:00:08]} Qe8 {[%emt 0:00:06]} 33. b4 {[%emt 0:00:06]} Qb8 {[%emt 0:00:06]} 34. b5 {[%emt 0:00:03]} Be5 {[%emt 0:00:07]} 35. Qc6 {[%emt 0:00:10]} Qc7 {[%emt 0:00:05]} 36. Qxc7+ {[%emt 0:00:12]} Bxc7 {[%emt 0:00:01]} 37. Kf3 {[%emt 0:00:01]} Kf6 {[%emt 0:00:00]} 38. Ke4 {[%emt 0:00:01]} Bb6 {[%emt 0:00:01]} 39. f3 {[%emt 0:00:02]} Bf2 {[%emt 0:00:08]} 40. Kf4 {[%emt 0:00:03]} h6 {[%emt 0:00:02] Sfantul321 offers a draw} 41. Kg4 {[%emt 0:00:13]} g5 {[%emt 0:00:11]} 42. h5 {[%emt 0:00:10]} Ke5 {[%emt 0:00:04]} 43. f4+ {[%emt 0:00:03]} gxf4 {[%emt 0:00:03]} 44. gxf4+ {[%emt 0:00:01]} Kf6 {[%emt 0:00:01]} 45. Kf3 {[%emt 0:00:03]} Bb6 {[%emt 0:00:01]} 46. Ke4 {[%emt 0:00:01]} Bc7 {[%emt 0:00:02]} 47. Bd3 {[%emt 0:00:11]} Ke6 {[%emt 0:00:05]} 48. Bc4+ {[%emt 0:00:01]} Kf6 {[%emt 0:00:01]} 49. f5 {[%emt 0:00:03]} Bb6 {[%emt 0:00:04]} 50. Be6 {[%emt 0:00:02]} Kg5 {[%emt 0:00:02]} 51. Bf7 {[%emt 0:00:01]} Kf6 {[%emt 0:00:01]} 52. Bg6 {[%emt 0:00:01]} Bd8 {[%emt 0:00:07]} 53. Kd5 {[%emt 0:00:01]} Ke7 {[%emt 0:00:01]} 54. Kc6 {[%emt 0:00:01]} Kf6 {[%emt 0:00:05]} 55. b6 {[%emt 0:00:01]} Ke5 {[%emt 0:00:09]} 56. b7 {[%emt 0:00:03] Sfantul321 resigns (Lag: Av=0.32s, max=0.5s)} 1-0

[Event "Stay Safe Play From Home 153"]
[Site "T#646141Emanuel Laske"]
[Date "2020.05.17"]
[Round "4"]
[White "Lazieri3"]
[Black "Vinnety"]
[Result "1-0"]
[WhiteElo "2001"]
[BlackElo "1848"]
[PlyCount "93"]
[EventDate "2020.05.17"]
[EventType "swiss (blitz)"]

1. e4 {[%emt 0:00:03]} c6 {[%emt 0:00:01]} 2. d4 {[%emt 0:00:07]} d5 {[%emt 0:00:09]} 3. Nc3 {[%emt 0:00:01]} dxe4 {[%emt 0:00:01]} 4. Nxe4 {[%emt 0:00:00]} Nd7 {[%emt 0:00:01]} 5. Nf3 {[%emt 0:00:01]} Ngf6 {[%emt 0:00:01]} 6. Nxf6+ {[%emt 0:00:00]} Nxf6 {[%emt 0:00:01]} 7. Bd3 {[%emt 0:00:00]} Bg4 {[%emt 0:00:01]} 8. c3 {[%emt 0:00:01]} e6 {[%emt 0:00:01]} 9. h3 {[%emt 0:00:01]} Bh5 {[%emt 0:00:01]} 10. Bf4 {[%emt 0:00:00]} Bd6 {[%emt 0:00:01]} 11. Bxd6 {[%emt 0:00:01]} Qxd6 {[%emt 0:00:01]} 12. Qe2 {[%emt 0:00:00]} O-O {[%emt 0:00:01]} 13. Qe5 {[%emt 0:00:01]} Qxe5+ {[%emt 0:00:03]} 14. Nxe5 {[%emt 0:00:00]} Nd5 {[%emt 0:00:02]} 15. g3 {[%emt 0:00:02]} Bg6 {[%emt 0:00:02]} 16. Bxg6 {[%emt 0:00:02]} hxg6 {[%emt 0:00:01]} 17. O-O-O {[%emt 0:00:01]} Kh7 {[%emt 0:00:03]} 18. h4 {[%emt 0:00:02]} f6 {[%emt 0:00:01]} 19. Nd7 {[%emt 0:00:06]} Rfd8 {[%emt 0:00:06]} 20. Nc5 {[%emt 0:00:00]} b6 {[%emt 0:00:28]} 21. Nxe6 {[%emt 0:00:02]} Rd6 {[%emt 0:00:01]} 22. Nf4 {[%emt 0:00:15]} Nxf4 {[%emt 0:00:02]} 23. gxf4 {[%emt 0:00:00]} Rad8 {[%emt 0:00:07]} 24. Rhe1 {[%emt 0:00:05]} f5 {[%emt 0:00:04]} 25. Re7 {[%emt 0:00:03]} R8d7 {[%emt 0:00:01]} 26. Rde1 {[%emt 0:00:01]} Kh6 {[%emt 0:00:02]} 27. Rxd7 {[%emt 0:00:02]} Rxd7 {[%emt 0:00:02]} 28. Re6 {[%emt 0:00:00]} Rc7 {[%emt 0:00:02]} 29. Kc2 {[%emt 0:00:03]} Kh5 {[%emt 0:00:01]} 30. Kd3 {[%emt 0:00:01]} c5 {[%emt 0:00:05]} 31. d5 {[%emt 0:00:02]} Rd7 {[%emt 0:00:01]} 32. c4 {[%emt 0:00:01]} Kg4 {[%emt 0:00:06]} 33. Rxg6+ {[%emt 0:00:01]} Kxf4 {[%emt 0:00:02]} 34. a3 {[%emt 0:00:13]} Kf3 {[%emt 0:00:05]} 35. b4 {[%emt 0:00:02]} f4 {[%emt 0:00:06]} 36. bxc5 {[%emt 0:00:03]} bxc5 {[%emt 0:00:01]} 37. Rc6 {[%emt 0:00:00]} Kxf2 {[%emt 0:00:04]} 38. Rxc5 {[%emt 0:00:01]} f3 {[%emt 0:00:01]} 39. Rc6 {[%emt 0:00:01]} Rf7 {[%emt 0:00:01]} 40. d6 {[%emt 0:00:10]} Ke1 {[%emt 0:00:06]} 41. Rc7 {[%emt 0:00:01]} Rf6 {[%emt 0:00:09]} 42. Re7+ {[%emt 0:00:12]} Kd1 {[%emt 0:00:03]} 43. d7 {[%emt 0:00:03]} f2 {[%emt 0:00:02]} 44. d8=Q {[%emt 0:00:10]} f1=Q+ {[%emt 0:00:01]} 45. Kc3+ {[%emt 0:00:01]} Kc1 {[%emt 0:00:03]} 46. Qd2+ {[%emt 0:00:01]} Kb1 {[%emt 0:00:01]} 47. Qb2# {[%emt 0:00:00] (Lag: Av=0.49s, max=0.9s)} 1-0

[Event "Stay Safe Play From Home 153"]
[Site "T#646141Emanuel Laske"]
[Date "2020.05.17"]
[Round "4"]
[White "Haris kollari 13"]
[Black "Weltszmerc"]
[Result "0-1"]
[WhiteElo "1945"]
[BlackElo "2085"]
[Annotator "NA"]
[PlyCount "106"]
[EventDate "2020.05.17"]
[EventType "swiss (blitz)"]

1. e4 {[%emt 0:00:01]} Nf6 {[%emt 0:00:03]} 2. Nc3 {[%emt 0:00:02]} d5 {[%emt 0:00:02]} 3. e5 {[%emt 0:00:01]} Nfd7 {[%emt 0:00:01]} 4. f4 {[%emt 0:00:01]} c5 {[%emt 0:00:02]} 5. Nf3 {[%emt 0:00:02]} e6 {[%emt 0:00:01]} 6. d4 {[%emt 0:00:02]} f6 {[%emt 0:00:04]} 7. Be3 {[%emt 0:00:03]} fxe5 {[%emt 0:00:02]} 8. fxe5 {[%emt 0:00:05]} cxd4 {[%emt 0:00:01]} 9. Bxd4 {[%emt 0:00:02]} Nc6 {[%emt 0:00:02]} 10. Qd2 {[%emt 0:00:03]} Nxd4 {[%emt 0:00:03]} 11. Qxd4 {[%emt 0:00:02]} Qb6 {[%emt 0:00:02]} 12. Ne2 {[%emt 0:00:08]} Bc5 {[%emt 0:00:05]} 13. Qh4 {[%emt 0:00:28]} Qxb2 {[%emt 0:00:06]} 14. Rd1 {[%emt 0:00:01]} Qb4+ {[%emt 0:00:04]} 15. c3 {[%emt 0:00:02]} Qxh4+ {[%emt 0:00:02]} 16. Nxh4 {[%emt 0:00:01]} Nxe5 {[%emt 0:00:02]} 17. Ng3 {[%emt 0:00:03]} O-O {[%emt 0:00:02]} 18. Bb5 {[%emt 0:00:03]} Bf2+ {[%emt 0:00:02]} 19. Ke2 {[%emt 0:00:03]} a6 {[%emt 0:00:06]} 20. Ba4 {[%emt 0:00:02]} b5 {[%emt 0:00:05]} 21. Bc2 {[%emt 0:00:01]} Bb7 {[%emt 0:00:09]} 22. Rhf1 {[%emt 0:00:02]} Bxg3 {[%emt 0:00:01]} 23. hxg3 {[%emt 0:00:01]} g5 {[%emt 0:00:05]} 24. Nf3 {[%emt 0:00:04]} Nxf3 {[%emt 0:00:01]} 25. gxf3 {[%emt 0:00:01]} Kg7 {[%emt 0:00:05]} 26. Rde1 {[%emt 0:00:03]} Rac8 {[%emt 0:00:04]} 27. Kd3 {[%emt 0:00:03]} Rf6 {[%emt 0:00:02]} 28. Re5 {[%emt 0:00:02]} h6 {[%emt 0:00:02]} 29. Bd1 {[%emt 0:00:01]} a5 {[%emt 0:00:03]} 30. Rfe1 {[%emt 0:00:01]} Rc6 {[%emt 0:00:07]} 31. a4 {[%emt 0:00:03]} Ba6 {[%emt 0:00:03]} 32. axb5 {[%emt 0:00:03]} Bxb5+ {[%emt 0:00:00]} 33. Kd2 {[%emt 0:00:01]} a4 {[%emt 0:00:03]} 34. f4 {[%emt 0:00:10]} gxf4 {[%emt 0:00:03]} 35. gxf4 {[%emt 0:00:01]} a3 {[%emt 0:00:02]} 36. Bb3 {[%emt 0:00:05]} Bc4 {[%emt 0:00:02]} 37. Bxc4 {[%emt 0:00:02]} dxc4 {[%emt 0:00:02]} 38. f5 {[%emt 0:00:06]} Rxf5 {[%emt 0:00:03]} 39. Rxe6 {[%emt 0:00:02]} Rxe6 {[%emt 0:00:02]} 40. Rxe6 {[%emt 0:00:01]} a2 {[%emt 0:00:00]} 41. Ra6 {[%emt 0:00:02]} Rf2+ {[%emt 0:00:03]} 42. Ke3 {[%emt 0:00:01]} Rb2 {[%emt 0:00:03]} 43. Kd4 {[%emt 0:00:01]} h5 {[%emt 0:00:00]} 44. Kxc4 {[%emt 0:00:01]} h4 {[%emt 0:00:01]} 45. Kd3 {[%emt 0:00:08]} h3 {[%emt 0:00:01]} 46. Ra4 {[%emt 0:00:03]} h2 {[%emt 0:00:02]} 47. Rg4+ {[%emt 0:00:01]} Kf6 {[%emt 0:00:01]} 48. Rf4+ {[%emt 0:00:02]} Kg5 {[%emt 0:00:01]} 49. Rf1 {[%emt 0:00:01]} Rb1 {[%emt 0:00:01]} 50. Rf2 {[%emt 0:00:01]} a1=Q {[%emt 0:00:05]} 51. Rxh2 {[%emt 0:00:01]} Qa6+ {[%emt 0:00:01]} 52. Kd4 {[%emt 0:00:03]} Qd6+ {[%emt 0:00:04]} 53. Ke3 {[%emt 0:00:01]} Qxh2 {[%emt 0:00:00] Haris kollari 13 resigns (Lag: Av=0.73s, max=1.0s)} 0-1

[Event "Stay Safe Play From Home 153"]
[Site "T#646141Emanuel Laske"]
[Date "2020.05.17"]
[Round "4"]
[White "Tobo Rubirosa"]
[Black "Mandy"]
[Result "1-0"]
[WhiteElo "1729"]
[BlackElo "929"]
[Annotator "NA"]
[PlyCount "65"]
[EventDate "2020.05.17"]
[EventType "swiss (blitz)"]

1. e4 {[%emt 0:00:05]} c6 {[%emt 0:00:01]} 2. f4 {[%emt 0:00:04]} d5 {[%emt 0:00:01]} 3. e5 {[%emt 0:00:01]} f5 {[%emt 0:00:04]} 4. d4 {[%emt 0:00:05]} e6 {[%emt 0:00:02]} 5. Nf3 {[%emt 0:00:06]} Bb4+ {[%emt 0:00:02]} 6. Bd2 {[%emt 0:00:03]} Ba5 {[%emt 0:00:12]} 7. Bd3 {[%emt 0:00:04]} Ne7 {[%emt 0:00:05]} 8. Bxa5 {[%emt 0:00:04]} Qxa5+ {[%emt 0:00:05]} 9. Qd2 {[%emt 0:00:02]} Qc7 {[%emt 0:00:09]} 10. O-O {[%emt 0:00:06]} O-O {[%emt 0:00:02]} 11. c4 {[%emt 0:00:03]} c5 {[%emt 0:00:05]} 12. Nc3 {[%emt 0:00:05]} b6 {[%emt 0:00:03]} 13. Rac1 {[%emt 0:00:06]} Ba6 {[%emt 0:00:02]} 14. cxd5 {[%emt 0:00:04]} exd5 {[%emt 0:00:13]} 15. Bxa6 {[%emt 0:00:07]} Nxa6 {[%emt 0:00:03]} 16. dxc5 {[%emt 0:00:02]} Qxc5+ {[%emt 0:00:07]} 17. Qd4 {[%emt 0:00:03]} Qc6 {[%emt 0:00:10]} 18. Rfd1 {[%emt 0:00:08]} Rac8 {[%emt 0:00:09]} 19. Ne2 {[%emt 0:00:33]} Nc5 {[%emt 0:00:05]} 20. b4 {[%emt 0:00:06]} Ne4 {[%emt 0:00:09]} 21. Rxc6 {[%emt 0:00:05]} Nxc6 {[%emt 0:00:09]} 22. Qxd5+ {[%emt 0:00:03]} Kh8 {[%emt 0:00:08]} 23. Qb5 {[%emt 0:00:20]} Nb8 {[%emt 0:00:33]} 24. e6 {[%emt 0:00:05]} Nc6 {[%emt 0:00:15]} 25. Nfd4 {[%emt 0:00:09]} Ne7 {[%emt 0:00:17]} 26. Ng3 {[%emt 0:00:18]} g6 {[%emt 0:00:03]} 27. Nxe4 {[%emt 0:00:03]} fxe4 {[%emt 0:00:11]} 28. Qe5+ {[%emt 0:00:03]} Kg8 {[%emt 0:00:11]} 29. Qxe4 {[%emt 0:00:01]} Nf5 {[%emt 0:00:56]} 30. Nxf5 {[%emt 0:00:03]} gxf5 {[%emt 0:00:06]} 31. Qd5 {[%emt 0:00:08]} Rf6 {[%emt 0:00:17]} 32. e7+ {[%emt 0:00:05]} Kg7 {[%emt 0:00:07]} 33. Qe5 {[%emt 0:00:06] Zeit (Lag: Av=0.61s, max=1.1s)} 1-0